Welcome to CU Library Online Public Access Catalogue (OPAC)

An industry approach to cases in strategic management / (Record no. 5365)

MARC details
000 -LEADER
fixed length control field 00655cam a2200205 a 4500
001 - CONTROL NUMBER
control field 671663
005 - DATE AND TIME OF LATEST TRANSACTION
control field 20250405142110.0
008 - FIXED-LENGTH DATA ELEMENTS--GENERAL INFORMATION
fixed length control field 950628s1996 iluab b 000 0 eng
020 ## - INTERNATIONAL STANDARD BOOK NUMBER
International Standard Book Number 0256099332
050 00 - LIBRARY OF CONGRESS CALL NUMBER
Classification number HD30.28
Item number .P339 1996
082 00 - DEWEY DECIMAL CLASSIFICATION NUMBER
Classification number 658.4/012
Edition information 20
100 1# - MAIN ENTRY--PERSONAL NAME
Personal name Pearce, John A.
245 13 - TITLE STATEMENT
Title An industry approach to cases in strategic management /
Statement of responsibility, etc. John A. Pearce II, Richard B. Robinson, Jr.
250 ## - EDITION STATEMENT
Edition statement 2nd ed.
260 ## - PUBLICATION, DISTRIBUTION, ETC.
Place of publication, distribution, etc. Chicago :
Name of publisher, distributor, etc. Irwin,
Date of publication, distribution, etc. c1996.
300 ## - PHYSICAL DESCRIPTION
Extent xviii, 846 p. :
Other physical details ill., map ;
Dimensions 24 cm.
650 #0 - SUBJECT ADDED ENTRY--TOPICAL TERM
Topical term or geographic name entry element Strategic planning
General subdivision Case studies.
700 1# - ADDED ENTRY--PERSONAL NAME
Personal name Robinson, Richard B.
Fuller form of name (Richard Braden),
Dates associated with a name 1947-
942 ## - ADDED ENTRY ELEMENTS (KOHA)
Source of classification or shelving scheme Library of Congress Classification
Koha item type Books
Suppress in OPAC No
999 ## -
-- 5365
-- 5365
Holdings
Withdrawn status Lost status Source of classification or shelving scheme Damaged status Not for loan Collection Home library Current library Shelving location Date acquired Total checkouts Full call number Barcode Date last seen Copy number Price effective from Koha item type
    Library of Congress Classification     Non-fiction Undergraduate Library (Christ Temple) Undergraduate Library (Christ Temple) General stacks 04/05/2025   HD30.28 PEA ulct00002098 04/05/2025 1 04/05/2025 Computer Files
© 2023-2024 Copyright: Central University Libraries. All Rights Reserved | Created by: Mahone Tech Office